000 00712nam a2200289Ia 4500
005 20260324132845.0
008 008 260324s9999 xx 000 0 eng d
020 _a9780203487471
037 _aEBOOK
040 _aCRL
040 _beng
040 _cCRL
041 _2eng
041 _aeng
084 _qCRL
100 _aBrooke Olson Vuckovic
_91190885
245 0 _aHeavenly Journeys, Earthly Concerns
245 4 _bThe Legacy of the Mi'raj in the Formation of Islam
260 _bTaylor and Francis
260 _c2004
365 _a
365 _b230
856 _uhttp://www.taylorfrancis.com/books/9780203487471
942 _cEBOOK
999 _c1789361
_d1789361